[Event "SV Marbach-SC HP Boeblingen"]
[Site "?"]
[Date "2003.02.23"]
[Round "6.3"]
[White "Boehm, Martin"]
[Black "Lach, Bernhard"]
[Result "1-0"]
[WhiteElo "2255"]
[BlackElo "2180"]
[PlyCount "95"]
[EventDate "2003.??.??"]

1. c4 e5 2. Nc3 Nc6 3. g3 g6 4. Bg2 Bg7 5. Nf3 d6 6. O-O f5 7. d3 Nf6 8. Bg5 h6
9. Bxf6 Qxf6 10. Nd5 Qf7 11. Rb1 O-O 12. b4 Nd8 13. b5 Ne6 14. a4 Kh8 15. a5 a6
16. Nd2 g5 17. Nb4 axb5 18. cxb5 Rxa5 19. b6 Rd8 20. Nc4 Rc5 21. bxc7 Nxc7 22.
Nb6 Nb5 23. N4d5 Be6 24. e3 Nc3 25. Nxc3 Rxc3 26. Qd2 Rc7 27. Qa5 Rc5 28. Qa7
Qc7 29. Rfd1 d5 30. Na8 Qa5 31. Qxa5 Rxa5 32. Nc7 Bc8 33. Rdc1 e4 34. d4 Bf8
35. Bf1 Bd6 36. Bb5 f4 37. Nxd5 Ba3 38. Rc3 fxg3 39. hxg3 Rxd5 40. Rxc8+ Kg7
41. Rc7+ Kf6 42. Rxb7 Rd6 43. Bf1 h5 44. Bg2 Re6 45. R7b6 Rxb6 46. Rxb6+ Kf5
47. Rh6 Bb4 48. Bh3+ 1-0

[Event "SV Marbach-SC HP Boeblingen"]
[Site "?"]
[Date "2003.02.23"]
[Round "6.4"]
[White "Escher, Thomas"]
[Black "Heinl, Thomas"]
[Result "1-0"]
[WhiteElo "2191"]
[BlackElo "2230"]
[PlyCount "87"]
[EventDate "2003.??.??"]

1. d4 Nf6 2. c4 g6 3. Nc3 Bg7 4. e4 d6 5. Nf3 O-O 6. Be2 e5 7. O-O exd4 8. Nxd4
Re8 9. f3 Nc6 10. Nc2 Be6 11. Bg5 Ne5 12. f4 Nxc4 13. f5 gxf5 14. Nd4 Nxb2 15.
Qc2 h6 16. Bh4 Nxe4 17. Nxe6 Qxh4 18. Nxg7 Nxc3 19. Nxe8 Rxe8 20. Qxc3 Rxe2 21.
Rae1 Na4 22. Qa1 Re4 23. g3 Qg5 24. Qd1 Nc5 25. Rxe4 fxe4 26. Rf4 h5 27. Qf1
Qg7 28. Qh3 Qa1+ 29. Rf1 Qd4+ 30. Kg2 Qd2+ 31. Rf2 e3 32. Rxd2 exd2 33. Qxh5
Ne4 34. Kf1 c5 35. Ke2 d5 36. Ke3 f5 37. Qe8+ Kg7 38. Qd7+ Kf6 39. Qxd5 c4 40.
g4 c3 41. Qxf5+ Kg7 42. Qd5 Nf6 43. Qg5+ Kf7 44. Ke2 1-0

[Event "SV Marbach-SC HP Boeblingen"]
[Site "?"]
[Date "2003.02.23"]
[Round "6.5"]
[White "Born, Mario"]
[Black "Klaric, Zoran"]
[Result "1/2-1/2"]
[WhiteElo "2164"]
[BlackElo "2014"]
[PlyCount "94"]
[EventDate "2003.??.??"]

1. Nf3 Nf6 2. g3 g6 3. Bg2 Bg7 4. d4 d5 5. c4 O-O 6. O-O c5 7. dxc5 dxc4 8. Qc2
Qc7 9. Qxc4 Nfd7 10. Nc3 Qxc5 11. Qb3 Nc6 12. Be3 Qa5 13. Rad1 Nc5 14. Qc4 Na6
15. a3 Be6 16. Qh4 Bb3 17. Rd7 Nc5 18. Bxc5 Qxc5 19. Rxb7 Rab8 20. Ng5 h6 21.
Nge4 Qa5 22. Rxb8 Rxb8 23. Qf4 e5 24. Nf6+ Kh8 25. Qd2 Rd8 26. Qc1 Nd4 27. Nfe4
Rc8 28. Re1 Be6 29. Nd6 Rb8 30. e3 Nb3 31. Qc2 Qc5 32. Nde4 Qc7 33. Rd1 f5 34.
Nd2 e4 35. Re1 Nc5 36. Na4 Rb5 37. Rc1 Qd6 38. Nxc5 Rxb2 39. Qd1 Rxd2 40. Qe1
Ba2 41. Nb7 Qd7 42. Nc5 Qd5 43. Ne6 Bc3 44. Nd4 Rc2 45. Qd1 Rxc1 46. Qxc1 Bxd4
47. exd4 Kg7 1/2-1/2

[Event "SV Marbach-SC HP Boeblingen"]
[Site "?"]
[Date "2003.02.23"]
[Round "6.6"]
[White "Meschke, Andreas"]
[Black "Remmler, Hans Peter"]
[Result "0-1"]
[WhiteElo "2136"]
[BlackElo "2158"]
[PlyCount "158"]
[EventDate "2003.??.??"]

1. e4 e5 2. Nf3 Nf6 3. Nxe5 d6 4. Nf3 Nxe4 5. Qe2 Qe7 6. d3 Nf6 7. Bg5 Qxe2+ 8.
Bxe2 Be7 9. Na3 Nc6 10. Nb5 Kd8 11. O-O-O a6 12. Nbd4 Bd7 13. Rhe1 h6 14. Bd2
Ng4 15. Nxc6+ Bxc6 16. Rf1 Bxf3 17. gxf3 Ne5 18. f4 Nd7 19. Bf3 Bf6 20. Bd5 Rf8
21. Ba5 Rb8 22. Rfe1 Bd4 23. Re2 Nf6 24. Bf3 Re8 25. Rde1 Rxe2 26. Rxe2 h5 27.
c3 Ba7 28. d4 Kd7 29. Kd2 b6 30. Bb4 a5 31. Ba3 b5 32. b3 b4 33. Bb2 bxc3+ 34.
Bxc3 Rb5 35. Bg2 Nd5 36. Bxd5 Rxd5 37. Kd3 c6 38. Ke4 g6 39. Rd2 Bb6 40. Rd3
Rb5 41. Rg3 Bd8 42. Rf3 Rf5 43. Rd3 d5+ 44. Kf3 Bc7 45. Bd2 Bxf4 46. Bxf4 g5
47. Ke3 Rxf4 48. Rc3 Re4+ 49. Kd3 Rh4 50. Rc5 Rxh2 51. Ke3 Rh3+ 52. Ke2 a4 53.
bxa4 Ra3 54. Ra5 Rxa2+ 55. Kf1 Ra1+ 56. Kg2 Rd1 57. Ra7+ Kd6 58. Rxf7 Rxd4 59.
a5 Ra4 60. Rf5 g4 61. Rxh5 Rxa5 62. Kg3 Ra4 63. Rg5 c5 64. Rg6+ Ke5 65. Rg5+
Ke6 66. Rg8 Re4 67. Re8+ Kf5 68. Rh8 c4 69. Rh5+ Ke6 70. f4 gxf3 71. Kxf3 Kd6
72. Rh8 Kc5 73. Rd8 c3 74. Rd7 Re8 75. Rc7+ Kd4 76. Kf2 Kd3 77. Ra7 c2 78. Ra3+
Kd2 79. Ra2 Rf8+ 0-1

[Event "SV Marbach-SC HP Boeblingen"]
[Site "?"]
[Date "2003.02.23"]
[Round "6.7"]
[White "Werner, Bernd Michael"]
[Black "Rabl, Joerg Steffen"]
[Result "0-1"]
[WhiteElo "2110"]
[BlackElo "2093"]
[PlyCount "135"]
[EventDate "2003.??.??"]

1. e4 e5 2. Nf3 Nc6 3. d4 exd4 4. Nxd4 Nf6 5. Nxc6 bxc6 6. Bd3 d6 7. O-O Be7 8.
c4 O-O 9. Nc3 Ng4 10. Be2 Ne5 11. f4 Ng6 12. Be3 Bf6 13. Qd2 Re8 14. Rad1 Qe7
15. Bd4 Bb7 16. Bxf6 Qxf6 17. g3 Rab8 18. Bf3 Nf8 19. Rfe1 h6 20. Bg2 c5 21. b3
Qd8 22. e5 Bxg2 23. Qxg2 Ne6 24. exd6 cxd6 25. Nb5 Nd4 26. Rxe8+ Qxe8 27. Nxd4
cxd4 28. Qf2 Rb7 29. Qxd4 Re7 30. Rd2 Kh7 31. Kf2 Re1 32. Qd3+ g6 33. Re2 Rxe2+
34. Qxe2 Qd7 35. h4 h5 36. Qe4 Qc7 37. f5 Qc5+ 38. Kf3 gxf5 39. Qe7 Kg8 40.
Qg5+ Kf8 41. Qxh5 Qc6+ 42. Kf2 Qc5+ 43. Kg2 a5 44. Qf3 Qe5 45. Kf2 Kg7 46. a4
Qb2+ 47. Kf1 Qe5 48. Kg2 Kf8 49. Qd3 Kg7 50. Kf3 Qb2 51. Qe3 Qc2 52. Kf4 Kg6
53. Kf3 Qd1+ 54. Kg2 Qc2+ 55. Kh3 Qb1 56. Qg5+ Kh7 57. Qh5+ Kg7 58. Qf3 Kh7 59.
g4 fxg4+ 60. Kxg4 Qg1+ 61. Kf4 Qh2+ 62. Kg5 Qg1+ 63. Qg4 Qe3+ 64. Qf4 Qg1+ 65.
Kf6 Qg6+ 66. Ke7 Qe6+ 67. Kf8 f5 68. Qxf5+ $4 0-1

[Event "SV Marbach-SC HP Boeblingen"]
[Site "?"]
[Date "2003.02.23"]
[Round "6.8"]
[White "Rapp, Uwe"]
[Black "Messner, Harry"]
[Result "0-1"]
[WhiteElo "2066"]
[BlackElo "2094"]
[PlyCount "134"]
[EventDate "2003.??.??"]

1. b3 Nf6 2. Bb2 b6 3. Nf3 Bb7 4. e3 e6 5. d4 c5 6. Bd3 Be7 7. O-O O-O 8. c4 d6
9. Nc3 Nbd7 10. d5 e5 11. e4 Ne8 12. Ne1 g6 13. g3 Ng7 14. f4 exf4 15. gxf4 f5
16. Ng2 Bf6 17. Qc2 Bd4+ 18. Kh1 Qf6 19. Rae1 Rae8 20. Nd1 fxe4 21. Bxe4 b5 22.
Re2 bxc4 23. bxc4 Nb6 24. Bd3 Bc8 25. Nc3 Rxe2 26. Bxe2 Bf5 27. Qd2 Re8 28. Re1
h6 29. Bf1 Rxe1 30. Qxe1 Kh7 31. Qd2 Qe7 32. Qe2 Qf6 33. Nd1 Nxc4 34. Bxd4 Qxd4
35. Qxc4 Qxd1 36. h3 Bxh3 37. Kh2 Bf5 38. Be2 Qd2 39. Qa6 h5 40. Bf3 h4 41.
Qxd6 h3 42. Qe7 Qf2 43. Qh4+ Qxh4 44. Nxh4 Ne8 45. Nxf5 gxf5 46. Kxh3 Kg6 47.
Kg3 Kf6 48. Kf2 Ke7 49. Ke3 Kd6 50. Kd3 Nf6 51. Kc4 Nd7 52. Kb5 Nb6 53. Ka6
Nxd5 54. Kxa7 c4 55. a4 c3 56. Bd1 Ne3 57. Bb3 Kc5 58. a5 Kb4 59. a6 Kxb3 60.
Kb8 c2 61. a7 c1=Q 62. a8=Q Qc5 63. Qf3 Kc3 64. Qg3 Kd3 65. Qf3 Qd5 66. Qf2
Qd6+ 67. Ka8 Ke4 0-1

[Event "Post- SV Ulm-TSF Ditzingen"]
[Site "?"]
[Date "2003.02.23"]
[Round "6.2"]
[White "Mueller, Ralf"]
[Black "Wittmann, Ralf"]
[Result "1-0"]
[WhiteElo "2279"]
[BlackElo "2132"]
[PlyCount "61"]
[EventDate "2003.??.??"]

1. e4 e6 2. d4 d5 3. Nd2 Be7 4. Bd3 c5 5. dxc5 Nc6 6. Ngf3 Nf6 7. Qe2 Nb4 8.
O-O Nxd3 9. cxd3 Bxc5 10. Nb3 Be7 11. Bg5 Bd7 12. e5 Ng8 13. Be3 h5 14. Rac1
Nh6 15. Bc5 Nf5 16. Nbd4 Rc8 17. Nxf5 Bxc5 18. Rxc5 Rxc5 19. Nd6+ Kf8 20. Nxb7
Qe7 21. Nxc5 Qxc5 22. Qd2 h4 23. Rc1 Qb6 24. h3 f6 25. d4 Ke7 26. b3 a5 27. Rc5
a4 28. b4 a3 29. b5 Kf7 30. Qc2 Rh5 31. Qc3 1-0

[Event "Post- SV Ulm-TSF Ditzingen"]
[Site "?"]
[Date "2003.02.23"]
[Round "6.3"]
[White "Meier, Thomas"]
[Black "Gruber, Thomas"]
[Result "1-0"]
[WhiteElo "2257"]
[BlackElo "2239"]
[PlyCount "71"]
[EventDate "2003.??.??"]

1. d4 c5 2. d5 e5 3. g3 d6 4. Bg2 Be7 5. Nf3 Nf6 6. O-O O-O 7. Nc3 Ne8 8. e4
Bg4 9. Qd3 Bxf3 10. Bxf3 Bg5 11. Bxg5 Qxg5 12. Bg2 Qe7 13. f4 Nd7 14. Bh3 Nef6
15. Rae1 a6 16. a4 Rfe8 17. Nd1 Rad8 18. a5 g6 19. Nc3 Kg7 20. Re2 Rf8 21. Ref2
Rde8 22. Bxd7 Nxd7 23. f5 f6 24. fxg6 hxg6 25. Qe2 Rf7 26. b3 Nf8 27. Nd1 Qd7
28. Ne3 Nh7 29. h4 Rh8 30. Nc4 Nf8 31. Kg2 Rh6 32. Nb6 Qb5 33. Qxb5 axb5 34.
Nc8 Rd7 35. Rxf6 Nh7 36. Rxd6 1-0

[Event "Post- SV Ulm-TSF Ditzingen"]
[Site "?"]
[Date "2003.02.23"]
[Round "6.4"]
[White "Oberst, Thomas"]
[Black "Beyer, Christian"]
[Result "1-0"]
[WhiteElo "2227"]
[BlackElo "2165"]
[PlyCount "89"]
[EventDate "2003.??.??"]

1. e4 Nc6 2. Nc3 Nf6 3. d4 d5 4. e5 Nd7 5. Be3 Nb6 6. b3 Bf5 7. Bb5 e6 8. Nge2
Qd7 9. O-O a6 10. Bd3 Bxd3 11. Qxd3 Ne7 12. Ng3 h5 13. f4 h4 14. Nge2 Nf5 15.
Bf2 f6 16. Nd1 Qb5 17. Qf3 c5 18. Qg4 Kf7 19. h3 Rc8 20. a4 Qc6 21. a5 Nd7 22.
c3 cxd4 23. cxd4 Be7 24. Ndc3 Nb8 25. Rfc1 Qe8 26. Nxd5 Rxc1+ 27. Rxc1 Nc6 28.
Nc7 Qd7 29. d5 Qxc7 30. dxe6+ Kxe6 31. Nd4+ Kf7 32. Nxf5 Bf8 33. e6+ Kg8 34.
Nxh4 Qc8 35. f5 Qd8 36. Ng6 Ne5 37. Nxe5 fxe5 38. Qg6 Rh6 39. Qf7+ Kh8 40. Bg3
Rf6 41. Qh5+ Rh6 42. Qe2 Rf6 43. Bxe5 Rxf5 44. Bb2 Qxa5 45. e7 1-0

[Event "Post- SV Ulm-TSF Ditzingen"]
[Site "?"]
[Date "2003.02.23"]
[Round "6.5"]
[White "Stanescu, Christian"]
[Black "Pieper, Thomas"]
[Result "1-0"]
[WhiteElo "2063"]
[BlackElo "2210"]
[PlyCount "77"]
[EventDate "2003.??.??"]

1. c4 Nf6 2. Nc3 g6 3. Nf3 Bg7 4. g3 O-O 5. Bg2 Nc6 6. O-O e5 7. d3 d6 8. Rb1
a5 9. a3 h6 10. b4 axb4 11. axb4 Be6 12. b5 Ne7 13. Bd2 Qd7 14. Re1 Bh3 15. Bh1
Ng4 16. Qb3 Kh8 17. Ra1 f5 18. Ra3 Qe6 19. Rxa8 Rxa8 20. Nd5 Nxd5 21. cxd5 Qf7
22. Qc4 Re8 23. e4 f4 24. Rc1 Re7 25. b6 cxb6 26. Qb4 Rd7 27. Qxb6 Bf6 28. Rc8+
Kg7 29. Bb4 Qe7 30. Nd2 fxg3 31. hxg3 Bg5 32. Nc4 Nxf2 33. Qxf2 b5 34. Nxe5 Ra7
35. Bxd6 Be3 36. Qxe3 Ra1+ 37. Rc1 Rxc1+ 38. Qxc1 Qxd6 39. Qxh6+ 1-0

[Event "Post- SV Ulm-TSF Ditzingen"]
[Site "?"]
[Date "2003.02.23"]
[Round "6.6"]
[White "Schulze, Andreas"]
[Black "Saur, Michael"]
[Result "1/2-1/2"]
[WhiteElo "2160"]
[BlackElo "2023"]
[PlyCount "82"]
[EventDate "2003.??.??"]

1. e4 e6 2. d4 d5 3. Nc3 Nf6 4. Bg5 Bb4 5. e5 h6 6. Bd2 Bxc3 7. bxc3 Ne4 8. Bd3
Nxd2 9. Qxd2 c5 10. f4 Nc6 11. Nf3 Qa5 12. Be2 Bd7 13. O-O cxd4 14. Nxd4 Nxd4
15. Qxd4 Rc8 16. Rf3 Qc5 17. Rb1 b6 18. Rb4 Ke7 19. Qxc5+ bxc5 20. Rb7 c4 21.
Rf1 Rb8 22. Rfb1 Rxb7 23. Rxb7 Ra8 24. Kf2 Kd8 25. Ke3 Kc8 26. Rb4 Rb8 27. Kd4
a5 28. Rxb8+ Kxb8 29. f5 g6 30. fxg6 fxg6 31. Kc5 Kc7 32. h4 a4 33. a3 Bc8 34.
Bg4 Bd7 35. g3 Bc8 36. Bh3 Bd7 37. Bf1 Bc8 38. Be2 Bd7 39. Bd1 Bc8 40. Be2 Bd7
41. g4 g5 1/2-1/2

[Event "Post- SV Ulm-TSF Ditzingen"]
[Site "?"]
[Date "2003.02.23"]
[Round "6.7"]
[White "Reinhold, Dirk"]
[Black "Stiller, Patrick"]
[Result "0-1"]
[WhiteElo "1960"]
[BlackElo "2155"]
[PlyCount "74"]
[EventDate "2003.??.??"]

1. e4 c6 2. d4 d5 3. Nc3 dxe4 4. Nxe4 Nd7 5. Bf4 Ngf6 6. Bd3 Nxe4 7. Bxe4 Nf6
8. Bf3 Bf5 9. Ne2 e6 10. O-O Bd6 11. Qd2 O-O 12. Rfe1 Bxf4 13. Nxf4 Qd6 14. Nh5
Nxh5 15. Bxh5 c5 16. Rad1 Rfd8 17. g4 Bg6 18. Bxg6 hxg6 19. Re3 Qxd4 20. Qxd4
Rxd4 21. Rxd4 cxd4 22. Rd3 e5 23. c3 Rd8 24. cxd4 exd4 25. Kf1 f6 26. Ke2 Kf7
27. Ra3 a6 28. Rb3 b5 29. a4 Rd5 30. axb5 axb5 31. Kd3 Ke6 32. f4 Kd6 33. Ra3
g5 34. Ke4 d3 35. Ra6+ Kc5 36. b4+ Kc4 37. Rc6+ Kxb4 0-1

[Event "Post- SV Ulm-TSF Ditzingen"]
[Site "?"]
[Date "2003.02.23"]
[Round "6.8"]
[White "Kramer, Christian"]
[Black "Pfeifer, Wilfried"]
[Result "1-0"]
[WhiteElo "1975"]
[BlackElo "1915"]
[PlyCount "47"]
[EventDate "2003.??.??"]

1. d4 f5 2. Nf3 Nf6 3. g3 g6 4. Bg2 Bg7 5. O-O O-O 6. c4 d6 7. Nc3 Qe8 8. b3
Na6 9. Ba3 c5 10. Rc1 Bd7 11. dxc5 Nxc5 12. Nd4 Rd8 13. Ndb5 Bxb5 14. Nxb5 a6
15. Nc7 Qd7 16. Bxc5 dxc5 17. Qxd7 Rxd7 18. Ne6 Rc8 19. Rcd1 Rxd1 20. Rxd1 Ne4
21. Bxe4 fxe4 22. Rd7 Bf6 23. Rxb7 Rc6 24. Rb8+ 1-0

[Event "SV Tuebingen-SF Pfullingen"]
[Site "?"]
[Date "2003.02.23"]
[Round "6.1"]
[White "Vujic, Branimir"]
[Black "Roth, Juergen"]
[Result "0-1"]
[WhiteElo "2256"]
[BlackElo "2254"]
[PlyCount "76"]
[EventDate "2003.??.??"]

1. d4 c6 2. Nf3 g6 3. e4 d6 4. Nc3 Bg7 5. h4 Bg4 6. Qd3 Na6 7. Be3 Nf6 8. Nh2
e5 9. Qd2 Qa5 10. Bxa6 Qxa6 11. Bh6 Bxh6 12. Qxh6 exd4 13. Nxg4 Nxg4 14. Qg7
O-O-O 15. Qxd4 d5 16. exd5 Rhe8+ 17. Kd1 Re4 18. Qd2 Qb6 19. Kc1 Ree8 20. Rf1
cxd5 21. a4 d4 22. Nd1 Qc6 23. Ra3 Qxg2 24. Re1 Ne5 25. Qa5 Nc6 26. Qd2 Rxe1
27. Qxe1 Qg4 28. b4 d3 29. Rxd3 Qf4+ 30. Qe3 Qxe3+ 31. Rxe3 Nxb4 32. h5 Nc6 33.
hxg6 fxg6 34. Rf3 Rd7 35. Ne3 Kc7 36. Rf8 Nd4 37. Kb2 Nc6 38. f4 Kd6 0-1

[Event "SV Tuebingen-SF Pfullingen"]
[Site "?"]
[Date "2003.02.23"]
[Round "6.2"]
[White "Frick, Christoph"]
[Black "Hertzog, Peter"]
[Result "1-0"]
[WhiteElo "2193"]
[BlackElo "2154"]
[PlyCount "99"]
[EventDate "2003.??.??"]

1. e4 c5 2. Nc3 Nc6 3. g3 g6 4. Bg2 Bg7 5. d3 Rb8 6. f4 b5 7. Nf3 b4 8. Nd5 d6
9. O-O e6 10. Ne3 Nge7 11. Rb1 O-O 12. Bd2 a5 13. Kh1 f5 14. Qe2 h6 15. Rfe1
Re8 16. Qf2 e5 17. fxe5 fxe4 18. dxe4 dxe5 19. Nc4 Bg4 20. Qxc5 Bxf3 21. Bxf3
Nd4 22. Bg4 Nxc2 23. Red1 Qd4 24. Qxd4 exd4 25. Bf4 Rbd8 26. Nxa5 Ra8 27. Nc4
Nc8 28. Rd2 Ne3 29. Nxe3 dxe3 30. Bxe3 Rxa2 31. Bc5 Na7 32. Bxb4 Kh7 33. Rd7
Kh8 34. Rb7 Rxe4 35. Bf3 Re3 36. Bd5 Rxb2 37. Rxb2 Bxb2 38. Rxa7 Rd3 39. Rd7 g5
40. Bf8 h5 41. Rd8 Rd1+ 42. Kg2 Rd2+ 43. Kf1 Rxh2 44. Bg2 h4 45. gxh4 Bf6 46.
Rd6 Be5 47. Rd5 Rxh4 48. Be7 Rf4+ 49. Ke2 Bd4 50. Rxd4 1-0

[Event "SV Tuebingen-SF Pfullingen"]
[Site "?"]
[Date "2003.02.23"]
[Round "6.3"]
[White "Einwiller, Bernd"]
[Black "Khadempour, Farhad"]
[Result "1-0"]
[WhiteElo "2065"]
[BlackElo "2168"]
[PlyCount "91"]
[EventDate "2003.??.??"]

1. d4 Nf6 2. Nf3 e6 3. e3 c5 4. Bd3 b6 5. b3 Be7 6. Bb2 O-O 7. O-O d5 8. Ne5
Qc7 9. Nd2 Ba6 10. c4 cxd4 11. exd4 dxc4 12. bxc4 Nc6 13. Rc1 Rfd8 14. Ndf3
Nxe5 15. Nxe5 Rac8 16. Re1 Bb7 17. Qe2 Bb4 18. Red1 Qe7 19. Qe3 Rc7 20. f4 g6
21. Bb1 Qe8 22. g4 Bf8 23. Re1 Bg7 24. Qh3 Qa4 25. f5 exf5 26. gxf5 Qb4 27. Bc3
Qd6 28. a4 a6 29. Rcd1 b5 30. Ba5 bxc4 31. Bxc7 Qxc7 32. Qc3 Nd5 33. Qg3 c3 34.
Be4 c2 35. Rc1 Qb6 36. Qf2 Nb4 37. fxg6 Bxe4 38. Qxf7+ Kh8 39. Rxe4 Rf8 40. Qd7
Na2 41. Rh4 Qf6 42. Rxh7+ Kg8 43. Qd5+ Rf7 44. Qxf7+ Qxf7 45. gxf7+ Kxh7 46.
Rxc2 1-0

[Event "SV Tuebingen-SF Pfullingen"]
[Site "?"]
[Date "2003.02.23"]
[Round "6.4"]
[White "Weber, Klaus"]
[Black "Banaszek, Marcin"]
[Result "1-0"]
[WhiteElo "2138"]
[BlackElo "2134"]
[PlyCount "76"]
[EventDate "2003.??.??"]

1. e4 c5 2. Nf3 Nc6 3. d4 cxd4 4. Nxd4 g6 5. c4 Bg7 6. Be3 Nf6 7. Nc3 d6 8. Be2
O-O 9. O-O Bd7 10. Qd2 Nxd4 11. Bxd4 Bc6 12. Bd3 a6 13. b4 b6 14. Rab1 e5 15.
Be3 b5 16. f3 Qd7 17. Nd5 Bxd5 18. cxd5 Rfc8 19. Rfc1 Rxc1+ 20. Rxc1 Rc8 21. a4
bxa4 22. Bxa6 Ra8 23. b5 Ne8 24. Rc6 f5 25. h3 fxe4 26. fxe4 Nf6 27. Qb4 a3 28.
Rc3 a2 29. Rc1 Qe7 30. Ra1 Nd7 31. Rxa2 Nc5 32. Qc4 Qh4 33. Bxc5 dxc5 34. Re2
Bh6 35. d6+ Kh8 36. Qd5 Rf8 37. Qxe5+ Bg7 38. Qxc5 Be5 1-0

[Event "SV Tuebingen-SF Pfullingen"]
[Site "?"]
[Date "2003.02.23"]
[Round "6.5"]
[White "Prochnow, Mario"]
[Black "Schmidt, Olaf"]
[Result "1-0"]
[WhiteElo "2171"]
[BlackElo "2099"]
[PlyCount "99"]
[EventDate "2003.??.??"]

1. d4 d6 2. c3 g6 3. e4 Nf6 4. Bd3 Bg7 5. Nf3 O-O 6. O-O c5 7. dxc5 dxc5 8. h3
Qd7 9. Qe2 Nc6 10. Be3 b6 11. Nbd2 Rd8 12. Bb5 Qc7 13. Rac1 a6 14. Ba4 b5 15.
Bc2 Nb8 16. a4 Nbd7 17. axb5 axb5 18. Ra1 Rb8 19. Rfc1 Nh5 20. Bg5 f6 21. Be3
Nf4 22. Qf1 e5 23. g3 Ne6 24. Ne1 Kh8 25. Bd1 f5 26. Ndf3 f4 27. Bd2 g5 28. Qe2
Nf6 29. Bc2 c4 30. b3 cxb3 31. Bxb3 Nc5 32. Bc2 h6 33. Rcb1 Bxh3 34. c4 g4 35.
Nh4 f3 36. Qe3 Ncxe4 37. Ng6+ Kg8 38. Ba5 Qc5 39. Qxc5 Nxc5 40. Bxd8 Rxd8 41.
cxb5 e4 42. Ne7+ Kf8 43. Nf5 e3 44. Nxe3 Nfe4 45. Rd1 Re8 46. Bxe4 Nxe4 47. b6
Be5 48. Nd3 Bd4 49. b7 Nd6 50. Nf5 1-0

[Event "SV Tuebingen-SF Pfullingen"]
[Site "?"]
[Date "2003.02.23"]
[Round "6.6"]
[White "Trettin, Ulrich"]
[Black "Naegele, Thomas"]
[Result "0-1"]
[WhiteElo "2040"]
[BlackElo "2165"]
[PlyCount "30"]
[EventDate "2003.??.??"]

1. d4 Nf6 2. Nf3 g6 3. c4 Bg7 4. Nc3 O-O 5. e4 d6 6. Be2 Bg4 7. O-O Nfd7 8. Be3
e5 9. dxe5 Bxf3 10. Bxf3 dxe5 11. Bg4 Nf6 12. Qxd8 Rxd8 13. Be2 Nc6 14. Rfd1
Nd4 15. f3 Nc2 0-1

[Event "SV Tuebingen-SF Pfullingen"]
[Site "?"]
[Date "2003.02.23"]
[Round "6.7"]
[White "Altenhof, Martin"]
[Black "Moser, Gotthard"]
[Result "1-0"]
[WhiteElo "2199"]
[BlackElo "2030"]
[PlyCount "115"]
[EventDate "2003.??.??"]

1. e4 Nc6 2. d3 e5 3. g3 Bc5 4. Bg2 d6 5. Nf3 Nf6 6. O-O O-O 7. c3 Bb6 8. Na3
Be6 9. Nc2 Qd7 10. Be3 Bh3 11. Bxb6 axb6 12. Re1 Bxg2 13. Kxg2 Ng4 14. h3 Nh6
15. d4 Qe7 16. dxe5 dxe5 17. Ne3 f5 18. Qc2 f4 19. Nd5 Qf7 20. g4 Kh8 21. a3
Rad8 22. Rad1 Rd6 23. Rd3 Rfd8 24. Red1 Qd7 25. b4 Nf7 26. c4 Qc8 27. Qc3 Re8
28. c5 bxc5 29. Qxc5 Rd7 30. b5 Nb8 31. Rc1 Qd8 32. Rdc3 c6 33. bxc6 Nxc6 34.
Nb6 Rd3 35. Rxd3 Qxd3 36. Qc4 Qxc4 37. Nxc4 Rd8 38. Rb1 Rd7 39. Rb5 Re7 40. Ne1
h6 41. Nd3 Kh7 42. Nc5 Nfd8 43. Nd6 Nd4 44. Rb1 Rc7 45. Ncxb7 N8e6 46. Nf5 Rc3
47. a4 Ra3 48. Nxd4 Nxd4 49. a5 Kg6 50. h4 Nf3 51. Rb6+ Kh7 52. a6 Nxh4+ 53.
Kf1 Nf3 54. Nc5 Ra1+ 55. Ke2 Nd4+ 56. Kd3 Nf3 57. Rb4 Ra5 58. Kc4 1-0

[Event "SV Tuebingen-SF Pfullingen"]
[Site "?"]
[Date "2003.02.23"]
[Round "6.8"]
[White "Koppenhoefer, Bernhard"]
[Black "Streck, Alexander"]
[Result "0-1"]
[WhiteElo "2008"]
[BlackElo "2114"]
[PlyCount "52"]
[EventDate "2003.??.??"]

1. d4 Nf6 2. Bg5 e6 3. e3 c5 4. c3 Be7 5. Nf3 b6 6. Bd3 Bb7 7. Nbd2 d6 8. Qe2
cxd4 9. cxd4 Nd5 10. Bxe7 Qxe7 11. Rc1 O-O 12. a3 e5 13. O-O f5 14. dxe5 dxe5
15. Bc4 Kh8 16. Rfd1 Nd7 17. Ba6 Bxa6 18. Qxa6 N7f6 19. Nc4 e4 20. Nd4 f4 21.
exf4 Nxf4 22. Ne3 Qe5 23. Qb7 Nd3 24. Ndf5 Ng4 25. Rc2 Qxh2+ 26. Kf1 Nxe3+ 0-1

[Event "VfL Sindelfingen-Stuttgarter SF II"]
[Site "?"]
[Date "2003.02.23"]
[Round "6.1"]
[White "Migl, Dieter"]
[Black "Estrada Nieto, Julian"]
[Result "0-1"]
[WhiteElo "2208"]
[BlackElo "2316"]
[PlyCount "62"]
[EventDate "2003.??.??"]

1. e4 e5 2. Nf3 Nc6 3. d4 exd4 4. Bc4 Bc5 5. c3 d6 6. cxd4 Bb6 7. h3 Nf6 8. O-O
O-O 9. Re1 Nxe4 10. Rxe4 d5 11. Bxd5 Qxd5 12. Nc3 Qd8 13. d5 Ne7 14. Bg5 f6 15.
Qb3 Kh8 16. Bf4 Ng6 17. Bh2 Bf5 18. Ree1 Qd7 19. Rad1 Rae8 20. Na4 Be4 21. Nxb6
axb6 22. Re3 Bxf3 23. Rxf3 f5 24. Rc3 f4 25. Kh1 Re2 26. Bg1 Nh4 27. Qc4 Qe7
28. Rc2 Qg5 29. g3 fxg3 30. Rxe2 g2+ 31. Kh2 Nf3# 0-1

[Event "VfL Sindelfingen-Stuttgarter SF II"]
[Site "?"]
[Date "2003.02.23"]
[Round "6.2"]
[White "Weigand, Bernhard"]
[Black "Schmid, Hartmut"]
[Result "1-0"]
[WhiteElo "2285"]
[BlackElo "2171"]
[PlyCount "99"]
[EventDate "2003.??.??"]

1. e4 c5 2. b3 Nc6 3. Bb2 d6 4. g3 Nf6 5. Bg2 e5 6. Nc3 Be7 7. Nge2 O-O 8. O-O
Nd4 9. h3 Bd7 10. f4 Rb8 11. Kh2 Ne8 12. Nd5 b5 13. c3 Nc6 14. d4 f6 15. Ne3
cxd4 16. cxd4 Nc7 17. d5 Na5 18. Bf3 Ne8 19. Bg4 Bxg4 20. hxg4 Nb7 21. b4 Qd7
22. Kg2 Bd8 23. Qd3 Nc7 24. Rh1 a5 25. a3 Na6 26. Bc3 Rc8 27. Rh3 Bb6 28. Rah1
Bxe3 29. Qxe3 Qxg4 30. Rh4 Qg6 31. f5 Qg5 32. Qf3 Rxc3 33. Qxc3 h6 34. Kf3 axb4
35. axb4 Nac5 36. bxc5 Nxc5 37. Rg4 Nxe4 38. Rxg5 Nxc3 39. Rg4 Nxd5 40. Rd1 Ne7
41. Rxd6 h5 42. Rb4 Nxf5 43. Rb6 Kh7 44. R4xb5 g5 45. Ke4 Ng7 46. Rb8 Ne8 47.
Rd8 Kg6 48. Rb6 Kf7 49. Rd7+ Kg6 50. Re7 1-0

[Event "VfL Sindelfingen-Stuttgarter SF II"]
[Site "?"]
[Date "2003.02.23"]
[Round "6.3"]
[White "Gabriel, Robert"]
[Black "Igney, Volkhard"]
[Result "1/2-1/2"]
[WhiteElo "2153"]
[BlackElo "2193"]
[PlyCount "51"]
[EventDate "2003.??.??"]

1. d4 d5 2. Nf3 Nf6 3. c4 e6 4. cxd5 exd5 5. Nc3 Nbd7 6. Bg5 Be7 7. e3 O-O 8.
Bd3 c5 9. dxc5 Nxc5 10. O-O Be6 11. Rc1 Qb6 12. b3 Rfd8 13. Bb1 Nce4 14. Nxe4
dxe4 15. Nd4 Bg4 16. f3 exf3 17. gxf3 Bh3 18. Rf2 Ba3 19. Rc4 Rd5 20. Bh4 Re8
21. Re2 Bc5 22. Bf2 Red8 23. Rd2 Rg5+ 24. Bg3 Re8 25. Re2 Rd5 26. Bf2 1/2-1/2

[Event "VfL Sindelfingen-Stuttgarter SF II"]
[Site "?"]
[Date "2003.02.23"]
[Round "6.4"]
[White "Carstens, Andreas"]
[Black "Fritsch, Rolf"]
[Result "0-1"]
[WhiteElo "2167"]
[BlackElo "2256"]
[PlyCount "82"]
[EventDate "2003.??.??"]

1. e4 g6 2. d4 Bg7 3. Nc3 c6 4. Nf3 d5 5. Be3 dxe4 6. Nxe4 Nd7 7. Bc4 Ngf6 8.
Neg5 Nd5 9. Bd2 O-O 10. Qe2 h6 11. Ne4 Qc7 12. O-O-O N7b6 13. Bb3 a5 14. a3 a4
15. Ba2 Nf4 16. Qf1 Bg4 17. Ne5 Bxe5 18. dxe5 Be2 19. Qe1 Qxe5 20. Nc3 Ra5 21.
Bxf4 Qxf4+ 22. Rd2 Bc4 23. g3 Qc7 24. Bxc4 Nxc4 25. Rd4 Re5 26. Qd1 b5 27. f4
Re6 28. g4 Rd6 29. f5 Rfd8 30. Rxd6 Qxd6 31. Qf3 Qd2+ 32. Kb1 Ne5 33. Qe4 Nc4
34. fxg6 Qxc3 35. gxf7+ Kf8 36. Qxe7+ Kxe7 37. bxc3 Nxa3+ 38. Kb2 Nc4+ 39. Kc1
Rf8 40. Re1+ Kxf7 41. Re4 Re8 0-1